Acta Physica Slovaca fyzikálny časopis
| Previous Title: | Fyzikálny časopis |
|---|---|
| Other Authors: | , , |
| Format: | Journal |
| Language: | English |
| PhysicalDescription: | zv. 24 cm Online vydanie: Acta physica Slovaca (Online) ISSN 1336-040X |
| Published: |
Bratislava
Vydavateľstvo Slovenskej akadémie vied
1973-2019
Bratislava Veda Bratislava Institute of Physics, Slovak Academy of Sciences |
| ISSN: | 0323-0465 0532-9132 |
| Subjects: | |
| Online Access: | http://www.acta.sav.sk |
MARC
| LEADER | 00000cas a2200000 a 4500 | ||
|---|---|---|---|
| 001 | vtls001471085 | ||
| 003 | SK-MaSNL | ||
| 005 | 20260228160734.0 | ||
| 008 | 131112d19732019xo fr|p 0 0a0eng | ||
| 022 | |a 0323-0465 | ||
| 030 | |a APSVCO | ||
| 035 | |a SNK000426388 | ||
| 035 | |a (SVKBB03)vtls000030270 | ||
| 040 | |a SNK |b slo |c SNK |d SAVUK |d SCHK95 |e AACR2 | ||
| 041 | 0 | |a eng |b eng | |
| 044 | |a xo |c SK | ||
| 072 | 7 | |a 53 |x Fyzika |2 konspekt | |
| 080 | |a 53 |2 2011 | ||
| 080 | |a (051)001 |2 2001 | ||
| 080 | |a 050 |2 2011 | ||
| 084 | |a Index 49001 |2 mksr | ||
| 210 | 0 | |a Acta phys. Slovaca |b (Tlačené vyd.) | |
| 222 | 0 | |a Acta physica Slovaca |b (Tlačené vydanie) | |
| 245 | 0 | 0 | |a Acta Physica Slovaca |b fyzikálny časopis |
| 260 | |a Bratislava |b Vydavateľstvo Slovenskej akadémie vied |c 1973-2019 | ||
| 260 | 2 | |3 1975-1992 |a Bratislava |b Veda | |
| 260 | 3 | |3 1993-2019 |a Bratislava |b Institute of Physics, Slovak Academy of Sciences | |
| 300 | |a zv. |c 24 cm | ||
| 310 | |a 2x ročne |b 2019 | ||
| 321 | |a 4x ročne |b 1973-1992, 2016, 2018 | ||
| 321 | |a 6x ročne |b 1993-2015 | ||
| 321 | |a 3x ročne |b 2017 | ||
| 362 | 0 | |a Vol. 23, no. 1 (1973)-vol. 69, no. 2 (2019) | |
| 500 | |a Popis podľa: Vol. 53, no. 1 (2003) | ||
| 500 | |a Podnázov r. 1973-1974: fyzikálny časopis | ||
| 500 | |a Editor: 1993-4/2006, E. Běták ; 5/ 2006- , V. Bužek ; P. Markoš ; 2017- , M. Ziman | ||
| 500 | |a Evidenčné číslo: EV 141/08 | ||
| 500 | |a R.1975-1992: bez podnázvu | ||
| 500 | |a Podnázov r. 1993-4/2006: journal for experimental and theoretical physics | ||
| 500 | |a Podnázov od č. 5/2006-: reviews & tutorials | ||
| 504 | |a Bibliogr. | ||
| 530 | |a Online vydanie: Acta physica Slovaca (Online) ISSN 1336-040X | ||
| 546 | |a Res. angl. | ||
| 650 | 0 | 7 | |a fyzika |2 SNKPH |9 816 |
| 650 | 0 | 7 | |a Physics |2 SNKPHeng |9 266045 |
| 655 | 7 | |a vedecké časopisy |2 SNKPH |9 70520 | |
| 655 | 7 | |a Scientific journals |2 SNKPHeng |9 265227 | |
| 700 | 1 | |a Běták, Emil, |d 1947- |4 pbd |9 39896 | |
| 700 | 1 | |a Bužek, Vladimír, |d 1957- |4 pbd |9 112368 | |
| 700 | 1 | |a Ziman, Mário, |d 1977- |4 pbd |9 73988 | |
| 710 | 2 | |a Slovenská akadémia vied. |b Fyzikálny ústav |4 pbl |9 151636 | |
| 710 | 2 | |a Veda (Slovensko, Bratislava) |4 pbl |9 267235 | |
| 710 | 2 | |a Veda (vydavateľstvo : Bratislava, Slovensko) |4 pbl |9 57545 | |
| 780 | 0 | 0 | |t Fyzikálny časopis |x 0532-9132 |w vtls008985917 |
| 850 | |a Slovenská chemická knižnica v Bratislave | ||
| 852 | |a Štátna vedecká knižnica v Banskej Bystrici | ||
| 856 | 4 | 1 | |u http://www.acta.sav.sk |
| 910 | |a SCHK95 | ||
| 910 | |a savuk | ||
| 910 | |a snk | ||
| 916 | |a 1973-2013, 2014-2018, 2019 | ||
| 999 | |c 3502 |d 5432 | ||
| 952 | |0 0 |1 0 |4 0 |7 0 |a SNK |b SNK |d 1999-09-24 |l 0 |o snkČSC 535/B/39/1989 D1 |p 17A0211534 |r 2005-01-02 00:00:00 |t č. 1-6 |w 2026-02-21 |y PREZ | ||
| 952 | |0 0 |1 0 |4 0 |7 0 |8 0 |a SNK |b SNK |d 1999-09-24 |f 1 |i snkČSP 325/82 |l 0 |o snkČSC 535/2/31/1981 |p 17A0211585 |r 2005-01-02 00:00:00 |t č. 1-6 |w 2026-02-21 |y PREZ | ||
| 952 | |0 0 |1 0 |4 0 |7 0 |a SNK |b SNK |d 1999-12-01 |l 0 |o snkČSC 535/B/43/1993 D1 |p 17A0220448 |r 2005-01-02 00:00:00 |t č. 1-6 |w 2026-02-21 |y PREZ | ||
| 952 | |0 0 |1 0 |4 0 |7 0 |8 0 |a SNK |b SNK |d 2000-04-06 |f 1 |i snkČSP 622/77 |l 0 |o snkČSC 535/2/26/1976 |p 17A0233858 |r 2005-01-02 00:00:00 |t č. 1-4 |w 2026-02-21 |y PREZ | ||
| 952 | |0 0 |1 0 |4 0 |7 0 |a SNK |b SNK |d 2005-10-17 |i snkČSP 2036/89 |l 0 |o snkČSC 535/2/38/1988 D1 |p 17A0486441 |r 2026-02-21 19:30:07 |t č. 1-6 |w 2026-02-21 |y PREZ | ||
| 952 | |0 0 |1 0 |4 0 |7 0 |a SNK |b SNK |d 2010-03-30 |i snkČSP 326/82 |l 0 |o snkČSC 535/2/31/1981 D1 |p 17A0652876 |r 2026-02-21 19:32:04 |t č. 1-6 |w 2026-02-21 |y PREZ | ||
| 952 | |0 0 |1 0 |4 0 |7 0 |a SNK |b SNK |d 2010-03-30 |i snkČSP 260/86 |l 0 |o snkČSC 535/2/35/1985 D1 |p 17A0652877 |r 2026-02-21 19:32:04 |t č. 1-6 |w 2026-02-21 |y PREZ | ||
| 952 | |0 0 |1 0 |4 0 |7 0 |a SNK |b SNK |d 2010-03-30 |f 1 |i snkČSP 2035/89 |l 0 |o snkČSC 535/2/38/1988 |p 17A0652831 |r 2026-02-21 19:32:04 |t č. 1-6 |w 2026-02-21 |y PREZ | ||
| 952 | |0 0 |1 0 |4 0 |7 0 |a SNK |b SNK |d 2004-06-23 |f 1 |i snkČSP 314/81 |l 0 |o snkČSC 535/2/30/1980 |p 17A0430219 |r 2005-01-02 00:00:00 |t č. 1-4 |w 2026-02-21 |y PREZ | ||
| 952 | |0 0 |1 0 |4 0 |7 0 |a SNK |b SNK |d 2004-10-14 |f 1 |i snkČSP 1892/97 |l 0 |o snkČSC 535/B/46/1996 |p 17A0440575 |r 2005-01-02 00:00:00 |t č. 1-6 |w 2026-02-21 |y PREZ | ||
| 952 | |0 0 |1 0 |4 0 |7 0 |a SNK |b SNK |d 2000-04-06 |f 1 |i snkČSP 355/80 |l 0 |o snkČSC 535/2/29/1979 |p 17A0233833 |r 2005-01-02 00:00:00 |t č. 1-4 |w 2026-02-21 |y PREZ | ||
| 952 | |0 0 |1 0 |4 0 |7 0 |a SNK |b SNK |d 2000-04-06 |f 1 |i snkČSP 423/77 |l 0 |o snkČSC 535/2/27/1977 |p 17A0233834 |r 2005-01-02 00:00:00 |t č. 1-4 |w 2026-02-21 |y PREZ | ||
| 952 | |0 0 |1 0 |4 0 |7 0 |a SNK |b SNK |d 2004-06-16 |f 1 |i snkČSP 3528/93 |l 0 |o snkČSC 535/B/41/1991 |p 17A0433079 |r 2005-01-02 00:00:00 |t č. 1-6 |w 2026-02-21 |y PREZ | ||
| 952 | |0 0 |1 0 |4 0 |7 0 |a SNK |b SNK |d 2000-04-06 |f 1 |i snkČSP 1914/83 |l 0 |o snkČSC 535/2/33/1983 |p 17A0233835 |r 2005-01-02 00:00:00 |t č. 1-6 |w 2026-02-21 |y PREZ | ||
| 952 | |0 0 |1 0 |4 0 |7 0 |a SNK |b SNK |d 2005-05-12 |i snkČSP 1889/97 |l 0 |o snkČSC 535/B/44/1994 D1 |p 17A0469375 |r 2026-02-21 19:41:13 |t č. 1-6 |w 2026-02-21 |y PREZ | ||
| 952 | |0 0 |1 0 |4 0 |7 0 |8 0 |a SNK |b SNK |d 2022-08-19 |i snk2022/12882 |l 0 |o snkČSC 535/B/69/2019 D1 |p 17A1463384 |r 2026-02-21 20:04:00 |t č. 1-2 |w 2026-02-21 |y PREZ | ||
| 952 | |0 0 |1 0 |4 0 |7 0 |a SNK |b SNK |d 2011-02-18 |i snk 1000/2003 |l 0 |o snkČSC 535/B/50/2000 D1 |p 17A0688864 |r 2026-02-21 20:05:27 |t č. 1-6 |w 2026-02-21 |y PREZ | ||
| 952 | |0 0 |1 0 |4 0 |7 0 |a SNK |b SNK |d 2011-02-18 |i snk 1016/2003 |l 0 |o snkČSC 535/B/51/2001 D1 |p 17A0688863 |r 2026-02-21 20:05:27 |t č. 1-6 |w 2026-02-21 |y PREZ | ||
| 952 | |0 0 |1 0 |4 0 |7 0 |a SNK |b SNK |d 2011-04-15 |i snkČSP 642/87 |l 0 |o snkČSC 535/2/36/1986 D1 |p 17A0692770 |r 2026-02-21 20:05:57 |t č. 1-6 |w 2026-02-21 |y PREZ | ||
| 952 | |0 0 |1 0 |4 0 |7 0 |8 0 |a SNK |b SNK |d 2008-09-29 |i snk2008/17927 |l 0 |o snkČSC 535/B/52/2002 D1 |p 17A0524481 |r 2026-02-21 20:14:50 |t č. 1-6 |w 2026-02-21 |y PREZ | ||
| 952 | |0 0 |1 0 |3 rekatalogizácia |4 0 |7 0 |a SNK |b SNK |d 2007-06-18 |i snkČSP 315/81 |l 0 |o snkČSC 535/2/30/1980 D1 |p 17A0553711 |r 2026-02-21 20:20:45 |t č. 1-4 |w 2026-02-21 |y PREZ | ||
| 952 | |0 0 |1 0 |4 0 |7 0 |8 0 |a SNK |b SNK |d 2008-01-08 |f 1 |i snk2008/331 |l 0 |o snkČSC 535/B/54/2004 |p 17A0563627 |r 2026-02-21 20:21:33 |t č. 1-6 |w 2026-02-21 |y PREZ | ||
| 952 | |0 0 |1 0 |4 0 |7 0 |8 0 |a SNK |b SNK |d 2008-01-08 |i snk2008/332 |l 0 |o snkČSC 535/B/54/2004 D1 |p 17A0563628 |r 2026-02-21 20:21:33 |t č. 1-6 |w 2026-02-21 |y PREZ | ||
| 952 | |0 0 |1 0 |4 0 |7 0 |8 0 |a SNK |b SNK |d 2008-01-08 |f 1 |i snk2008/333 |l 0 |o snkČSC 535/B/55/2005 |p 17A0563629 |r 2026-02-21 20:21:33 |t č. 1-6 |w 2026-02-21 |y PREZ | ||
| 952 | |0 0 |1 0 |4 0 |7 0 |8 0 |a SNK |b SNK |d 2008-01-08 |i snk2008/334 |l 0 |o snkČSC 535/B/55/2005 D1 |p 17A0563630 |r 2026-02-21 20:21:33 |t č. 1-6 |w 2026-02-21 |y PREZ | ||
| 952 | |0 0 |1 0 |4 0 |7 0 |a SNK |b SNK |d 1997-08-11 |l 0 |o snkČSC 535/2/32/1982 D1 |p 17A0083922 |r 2005-01-02 00:00:00 |t č. 1-6 |w 2026-02-21 |y PREZ | ||
| 952 | |0 0 |1 0 |4 0 |7 0 |a SNK |b SNK |d 1997-12-04 |f 1 |l 0 |o snkČSC 535/2/28/1978 |p 17A0111180 |r 2005-01-02 00:00:00 |t č. 1-4 |w 2026-02-21 |y PREZ | ||
| 952 | |0 0 |1 0 |4 0 |7 0 |8 0 |a SNK |b SNK |d 2008-09-29 |f 1 |i snk2008/17926 |l 0 |o snkČSC 535/B/52/2002 |p 17A0524480 |r 2026-02-21 20:39:25 |t č. 1-6 |w 2026-02-21 |y PREZ | ||
| 952 | |0 0 |1 0 |4 0 |7 0 |a SNK |b SNK |d 2009-05-27 |i snkČSP 84/78 |l 0 |o snkČSC 535/2/28/1978 D1 |p 17A0616355 |r 2026-02-21 20:39:48 |t č. 1-4 |w 2026-02-21 |y PREZ | ||
| 952 | |0 0 |1 0 |4 0 |7 0 |a SNK |b SNK |d 2009-05-27 |i snkČSP 356/80 |l 0 |o snkČSC 535/2/29/1979 D1 |p 17A0616351 |r 2026-02-21 20:39:48 |t č. 1-4 |w 2026-02-21 |y PREZ | ||
| 952 | |0 0 |1 0 |4 0 |7 0 |8 0 |a SNK |b SNK |d 2015-01-12 |i snk2015/585 |l 0 |o snkČSC 535/B/62/2012 D1 |p 17A0870983 |r 2026-02-21 20:51:54 |t č. 1-6 |w 2026-02-21 |y PREZ | ||
| 952 | |0 0 |1 0 |4 0 |7 0 |8 0 |a SNK |b SNK |d 2005-05-17 |f 1 |i snk2005/8313 |l 0 |o snkČSC 535/B/53/2003 |p 17A0446549 |r 2026-02-21 20:58:39 |t č. 1-6 |w 2026-02-21 |y PREZ |z V č. 6 sa nachádza obsah celého ročníka | ||
| 952 | |0 0 |1 0 |4 0 |7 0 |8 0 |a SNK |b SNK |d 2005-05-17 |i snk2005/8314 |l 0 |o snkČSC 535/B/53/2003 D1 |p 17A0446551 |r 2026-02-21 20:58:39 |t č. 1-6 |w 2026-02-21 |y PREZ |z V č. 6 sa nachádza obsah celého ročníka | ||
| 952 | |0 0 |1 0 |4 0 |7 0 |8 0 |a SNK |b SNK |d 2012-06-07 |f 1 |i snk2012/11076 |l 0 |o snkČSC 535/B/56/2006 |p 17A0858073 |r 2026-02-21 21:01:58 |t č. 1-6 |w 2026-02-21 |y PREZ | ||
| 952 | |0 0 |1 0 |4 0 |7 0 |8 0 |a SNK |b SNK |d 2012-06-07 |i snk2012/11077 |l 0 |o snkČSC 535/B/56/2006 D1 |p 17A0858074 |r 2026-02-21 21:01:58 |t č. 1-5, neúpl. |w 2026-02-21 |y PREZ |z Chýba č. 6. | ||
| 952 | |0 0 |1 0 |4 0 |7 0 |8 0 |a SNK |b SNK |d 2012-06-07 |f 1 |i snk2012/11078 |l 0 |o snkČSC 535/B/57/2007 |p 17A0858075 |r 2026-02-21 21:01:58 |t č. 1-6 |w 2026-02-21 |y PREZ | ||
| 952 | |0 0 |1 0 |4 0 |7 0 |8 0 |a SNK |b SNK |d 2012-06-07 |i snk2012/11079 |l 0 |o snkČSC 535/B/57/2007 D1 |p 17A0858076 |r 2026-02-21 21:01:58 |t č. 1-6 |w 2026-02-21 |y PREZ | ||
| 952 | |0 0 |1 0 |4 0 |7 0 |8 0 |a SNK |b SNK |d 2012-06-07 |f 1 |i snk2012/11080 |l 0 |o snkČSC 535/B/58/2008 |p 17A0858077 |r 2026-02-21 21:01:59 |t č. 1-6 |w 2026-02-21 |y PREZ | ||
| 952 | |0 0 |1 0 |4 0 |7 0 |8 0 |a SNK |b SNK |d 2012-06-07 |i snk2012/11081 |l 0 |o snkČSC 535/B/58/2008 D1 |p 17A0858078 |r 2026-02-21 21:01:59 |t č. 1-6 |w 2026-02-21 |y PREZ | ||
| 952 | |0 0 |1 0 |4 0 |7 0 |8 0 |a SNK |b SNK |d 2012-06-07 |f 1 |i snk2012/11082 |l 0 |o snkČSC 535/B/59/2009 |p 17A0858079 |r 2026-02-21 21:01:59 |t č. 1-6 |w 2026-02-21 |y PREZ | ||
| 952 | |0 0 |1 0 |4 0 |7 0 |8 0 |a SNK |b SNK |d 2012-06-07 |i snk2012/11083 |l 0 |o snkČSC 535/B/59/2009 D1 |p 17A0858080 |r 2026-02-21 21:01:59 |t č. 1-6 |w 2026-02-21 |y PREZ | ||
| 952 | |0 0 |1 0 |4 0 |7 0 |a SNK |b SNK |d 2014-05-29 |l 0 |o snkČSC 535/2/26/1976 D1 |p 17A0843815 |r 2026-02-21 21:14:28 |t č. 1 |w 2026-02-21 |y PREZ | ||
| 952 | |0 0 |1 0 |4 0 |7 0 |a SNK |b SNK |d 1998-12-08 |f 1 |i snkČSP 1896/97 |l 0 |o snkČSC 535/B/45/1995 |p 17A0172652 |r 2005-01-02 00:00:00 |t č. 1-6 |w 2026-02-21 |y PREZ | ||
| 952 | |0 0 |1 0 |4 0 |7 0 |a SNK |b SNK |d 1999-12-01 |l 0 |o snkČSC 535/B/45/1995/D1 |p 17A0220304 |r 2005-01-02 00:00:00 |t č. 1-6 |w 2026-02-21 |y PREZ | ||
| 952 | |0 0 |1 0 |4 0 |7 0 |a SNK |b SNK |d 2005-03-18 |i snkČSP 298/85 |l 0 |o snkČSC 535/2/34/1984 D1 |p 17A0462481 |r 2026-02-21 21:21:02 |t č. 1-6 |w 2026-02-21 |y PREZ | ||
| 952 | |0 0 |1 0 |4 0 |7 0 |8 0 |a SNK |b SNK |d 2013-09-19 |f 1 |i snk2013/21986 |l 0 |o snkČSC 535/B/60/2010 |p 17A1085746 |r 2026-02-21 21:31:26 |t č. 1-6 |w 2026-02-21 |y PREZ | ||
| 952 | |0 0 |1 0 |4 0 |7 0 |8 0 |a SNK |b SNK |d 2013-09-19 |i snk2013/21987 |l 0 |o snkČSC 535/B/60/2010 D1 |p 17A1085747 |r 2026-02-21 21:31:26 |t č. 1-6 |w 2026-02-21 |y PREZ | ||
| 952 | |0 0 |1 0 |4 0 |7 0 |8 0 |a SNK |b SNK |d 2013-09-19 |f 1 |i snk2013/21988 |l 0 |o snkČSC 535/B/61/2011 |p 17A1085748 |r 2026-02-21 21:31:26 |t č. 1-6 |w 2026-02-21 |y PREZ | ||
| 952 | |0 0 |1 0 |4 0 |7 0 |8 0 |a SNK |b SNK |d 2013-09-19 |i snk2013/21989 |l 0 |o snkČSC 535/B/61/2011 D1 |p 17A1085749 |r 2026-02-21 21:31:26 |t č. 1-6 |w 2026-02-21 |y PREZ | ||
| 952 | |0 0 |1 0 |4 0 |7 0 |8 0 |a SNK |b SNK |d 2013-09-19 |f 1 |i snk2013/21990 |l 0 |o snkČSC 535/B/62/2012 |p 17A1085750 |r 2026-02-21 21:31:26 |t č. 1-6 |w 2026-02-21 |y PREZ | ||
| 952 | |0 0 |1 0 |4 0 |7 0 |a SNK |b SNK |d 2010-03-15 |l 0 |o snkČSC 535/2/27/1977 D1 |p 17A0648184 |r 2026-02-21 21:42:03 |t č. 1-4 |w 2026-02-21 |y PREZ | ||
| 952 | |0 0 |1 0 |4 0 |7 0 |a SNK |b SNK |d 2013-11-12 |f 1 |i snkČSP 251/74 |l 0 |o snkČSC 535/2/23/1973 |p 17A0734061 |r 2026-02-21 21:43:52 |t č. 1-4 |w 2026-02-21 |y PREZ | ||
| 952 | |0 0 |1 0 |4 0 |7 0 |a SNK |b SNK |d 2013-11-12 |f 1 |i snkČSP 456/75 |l 0 |o snkČSC 535/2/24/1974 |p 17A0734060 |r 2026-02-21 21:43:52 |t č. 1-4 |w 2026-02-21 |y PREZ | ||
| 952 | |0 0 |1 0 |4 0 |7 0 |a SNK |b SNK |d 2013-11-12 |f 1 |i snkČSP 108/77 |l 0 |o snkČSC 535/2/25/1975 |p 17A0734058 |r 2026-02-21 21:43:52 |t č. 1-4 |w 2026-02-21 |y PREZ | ||
| 952 | |0 0 |1 0 |4 0 |7 0 |a SNK |b SNK |d 2013-11-12 |f 1 |i snkČSP 2040/82 |l 0 |o snkČSC 535/2/32/1982 |p 17A0734016 |r 2026-02-21 21:43:52 |t č. 1-6 |w 2026-02-21 |y PREZ | ||
| 952 | |0 0 |1 0 |4 0 |7 0 |a SNK |b SNK |d 2013-11-12 |f 1 |i snkČSP 297/85 |l 0 |o snkČSC 535/2/34/1984 |p 17A0734015 |r 2026-02-21 21:43:52 |t č. 1-6 |w 2026-02-21 |y PREZ | ||
| 952 | |0 0 |1 0 |4 0 |7 0 |a SNK |b SNK |d 2013-11-12 |f 1 |i snkČSP 259/86 |l 0 |o snkČSC 535/2/35/1985 |p 17A0734014 |r 2026-02-21 21:43:52 |t č.1-6 |w 2026-02-21 |y PREZ | ||
| 952 | |0 0 |1 0 |4 0 |7 0 |a SNK |b SNK |d 2013-11-12 |f 1 |i snkČSP 641/87 |l 0 |o snkČSC 535/2/36/1986 |p 17A0734012 |r 2026-02-21 21:43:52 |t č. 1-6 |w 2026-02-21 |y PREZ | ||
| 952 | |0 0 |1 0 |4 0 |7 0 |a SNK |b SNK |d 2000-04-06 |f 1 |i snkČSP 1541/88 |l 0 |o snkČSC 535/2/37/1987 |p 17A0233837 |r 2005-01-02 00:00:00 |t č. 1-6 |w 2026-02-21 |y PREZ | ||
| 952 | |0 0 |1 0 |4 0 |7 0 |a SNK |b SNK |d 2013-11-12 |f 1 |i snkČSP 1481/90 |l 0 |o snkČSC 535/B/39/1989 |p 17A0734010 |r 2026-02-21 21:43:52 |t č. 1-6 |w 2026-02-21 |y PREZ | ||
| 952 | |0 0 |1 0 |4 0 |7 0 |a SNK |b SNK |d 2013-11-12 |f 1 |i snkČSP 2203/91 |l 0 |o snkČSC 535/B/40/1990 |p 17A0734007 |r 2026-02-21 21:43:52 |t č. 1-6 |w 2026-02-21 |y PREZ | ||
| 952 | |0 0 |1 0 |4 0 |7 0 |a SNK |b SNK |d 2013-11-12 |f 1 |i snkČSP 422/94 |l 0 |o snkČSC 535/B/42/1992 |p 17A0733988 |r 2026-02-21 21:43:52 |t č. 1-6 |w 2026-02-21 |y PREZ | ||
| 952 | |0 0 |1 0 |4 0 |7 0 |a SNK |b SNK |d 2013-11-12 |f 1 |i snkČSP 1890/97 |l 0 |o snkČSC 535/B/43/1993 |p 17A0733987 |r 2026-02-21 21:43:52 |t č. 1-6 |w 2026-02-21 |y PREZ | ||
| 952 | |0 0 |1 0 |4 0 |7 0 |a SNK |b SNK |d 2013-11-12 |f 1 |i snkČSP 1888/97 |l 0 |o snkČSC 535/B/44/1994 |p 17A0733986 |r 2026-02-21 21:43:53 |t č. 1-6 |w 2026-02-21 |y PREZ | ||
| 952 | |0 0 |1 0 |4 0 |7 0 |a SNK |b SNK |d 2013-11-12 |f 1 |i snkČSP 1663/2001 |l 0 |o snkČSC 535/B/47/1997 |p 17A0733982 |r 2026-02-21 21:43:53 |t č. 1-6 |w 2026-02-21 |y PREZ | ||
| 952 | |0 0 |1 0 |4 0 |7 0 |a SNK |b SNK |d 2013-11-12 |f 1 |i snkČSP 1419/2000 |l 0 |o snkČSC 535/B/48/1998 |p 17A0733980 |r 2026-02-21 21:43:53 |t č. 1-6 |w 2026-02-21 |y PREZ | ||
| 952 | |0 0 |1 0 |4 0 |7 0 |a SNK |b SNK |d 2013-11-12 |f 1 |i snkČSP 1417/2000 |l 0 |o snkČSC 535/B/49/1999 |p 17A0766794 |r 2026-02-21 21:43:53 |t č. 1-6 |w 2026-02-21 |y PREZ | ||
| 952 | |0 0 |1 0 |4 0 |7 0 |a SNK |b SNK |d 2013-11-12 |f 1 |i snkČSP 999/2003 |l 0 |o snkČSC 535/B/50/2000 |p 17A0766793 |r 2026-02-21 21:43:53 |t č. 1-6 |w 2026-02-21 |y PREZ | ||
| 952 | |0 0 |1 0 |4 0 |7 0 |a SNK |b SNK |d 2013-11-12 |f 1 |i snkČSP 1015/2003 |l 0 |o snkČSC 535/B/51/2001 |p 17A0766789 |r 2026-02-21 21:43:53 |t č. 1-6 |w 2026-02-21 |y PREZ | ||
| 952 | |0 0 |1 0 |4 0 |7 0 |a SNK |b SNK |d 2015-06-08 |i snkČSP 250/74 |l 0 |o snkČSC 535/2/23/1973 D1 |p 17A1079397 |r 2026-02-21 21:45:15 |t č. 1-4, úplný |w 2026-02-21 |y PREZ |z č. 1-4 | ||
| 952 | |0 0 |1 0 |4 0 |7 0 |a SNK |b SNK |d 2015-06-08 |i snkČSP 455/75 |l 0 |o snkČSC 535/2/24/1974 D1 |p 17A1079396 |r 2026-02-21 21:45:15 |t č. 1-4, úplný |w 2026-02-21 |y PREZ |z č. 1-4 | ||
| 952 | |0 0 |1 0 |4 0 |7 0 |a SNK |b SNK |d 2015-06-08 |i snkČSP 109/77 |l 0 |o snkČSC 535/2/25/1975 D1 |p 17A1079395 |r 2026-02-21 21:45:15 |t č. 1-4,úplný |w 2026-02-21 |y PREZ |z č. 1-4 | ||
| 952 | |0 0 |1 0 |4 0 |7 0 |8 0 |a SNK |b SNK |d 2015-06-23 |i snk2015/19531 |l 0 |o snkČSC 535/B/63/2013 D1 |p 17A1144752 |r 2026-02-21 21:46:14 |t č. 1-6 |w 2026-02-21 |y PREZ | ||
| 952 | |0 0 |1 0 |4 0 |7 0 |8 0 |a SNK |b SNK |d 2015-06-23 |f 1 |i snk2015/19528 |l 0 |o snkČSC 535/B/63/2013 |p 17A1144751 |r 2026-02-21 21:46:14 |t č. 1-6 |w 2026-02-21 |y PREZ | ||
| 952 | |0 0 |1 0 |4 0 |7 0 |8 0 |a SNK |b SNK |d 2019-03-27 |f 1 |i snk2019/8565 |l 0 |o snkČSC 535/B/66/2016 |p 17A1366087 |r 2026-02-21 21:50:48 |t č. 1-4 |w 2026-02-21 |y PREZ | ||
| 952 | |0 0 |1 0 |4 0 |7 0 |8 0 |a SNK |b SNK |d 2019-03-27 |f 1 |i snk2019/8567 |l 0 |o snkČSC 535/B/67/2017 |p 17A1366088 |r 2026-02-21 21:50:48 |t č. 1-3 |w 2026-02-21 |y PREZ | ||
| 952 | |0 0 |1 0 |4 0 |7 0 |8 0 |a SNK |b SNK |d 2019-03-27 |i snk2019/8568 |l 0 |o snkČSC 535/B/67/2017 D1 |p 17A1366089 |r 2026-02-21 21:50:48 |t č. 1-3 |w 2026-02-21 |y PREZ | ||
| 952 | |0 0 |1 0 |4 0 |7 0 |8 0 |a SNK |b SNK |d 2019-03-27 |i snk2019/8559 |l 0 |o snkČSC 535/B/65/2015 D1 |p 17A1366086 |r 2026-02-21 21:52:04 |t č. 1-6 |w 2026-02-21 |y PREZ | ||
| 952 | |0 0 |1 0 |4 0 |7 0 |8 0 |a SNK |b SNK |d 2019-09-24 |i snk2019/23679 |l 0 |o snkČSC 535/B/66/2016 D1 |p 17A1383574 |r 2026-02-21 21:52:39 |t č. 1-4 |w 2026-02-21 |y PREZ | ||
| 952 | |0 0 |1 0 |4 0 |7 0 |8 0 |a SNK |b SNK |d 2019-09-24 |f 1 |i snk2019/23689 |l 0 |o snkČSC 535/B/68/2018 |p 17A1383575 |r 2026-02-21 21:52:39 |t č. 1-4 |w 2026-02-21 |y PREZ | ||
| 952 | |0 0 |1 0 |4 0 |7 0 |8 0 |a SNK |b SNK |d 2016-07-20 |f 1 |i snk2016/17452 |l 0 |o snkČSC 535/B/64/2014 |p 17A1100450 |r 2026-02-21 21:54:20 |t č. 1-6 |w 2026-02-21 |y PREZ | ||
| 952 | |0 0 |1 0 |4 0 |7 0 |8 0 |a SNK |b SNK |d 2016-07-20 |i snk2016/17453 |l 0 |o snkČSC 535/B/64/2014 D1 |p 17A1100449 |r 2026-02-21 21:54:20 |t č. 1-6 |w 2026-02-21 |y PREZ | ||
| 952 | |0 0 |1 0 |4 0 |7 0 |8 0 |a SNK |b SNK |d 2016-07-20 |f 1 |i snk2016/17455 |l 0 |o snkČSC 535/B/65/2015 |p 17A1100448 |r 2026-02-21 21:54:20 |t č. 1-6 |w 2026-02-21 |y PREZ | ||
| 952 | |0 0 |1 0 |4 0 |7 0 |8 0 |a SNK |b SNK |d 2020-05-19 |i snk2020/8024 |l 0 |o snkČSC 535/B/68/2018 D1 |p 17A1388011 |r 2026-02-21 22:24:20 |t č. 1-4 |w 2026-02-21 |y PREZ | ||
| 952 | |0 0 |1 0 |4 0 |7 0 |8 0 |a SNK |b SNK |d 2020-03-05 |f 1 |i snk2020/5715 |l 0 |o snkČSC 535/B/69/2019 |p 17A1387094 |r 2026-02-21 22:30:07 |t č. 1-2 |w 2026-02-21 |y PREZ | ||


